LIBRARY & INFORMATION CENTRE, KCAET, TAVANUR

ONLINE PUBLIC ACCESS CATALOGUE (OPAC)

Padyamanjari / (Record no. 598)

MARC details
000 -LEADER
fixed length control field 00979cam a2200193ua 4500
041 ## - LANGUAGE CODE
Language code of text/sound track or separate title mal
082 ## - DEWEY DECIMAL CLASSIFICATION NUMBER
Classification number 894.812 1
Item number UNI/PA
245 ## - TITLE STATEMENT
Title Padyamanjari /
260 ## - PUBLICATION, DISTRIBUTION, ETC. (IMPRINT)
Place of publication Kozhikode :
Name of publisher Asoka Printing Press ,
Year of publication 1971.
300 ## - PHYSICAL DESCRIPTION
Number of Pages 57.
650 ## - SUBJECT ADDED ENTRY--TOPICAL TERM
Topical Term Poems - Malayalam
942 ## - ADDED ENTRY ELEMENTS (KOHA)
Koha item type Books
Holdings
Withdrawn status Lost status Damaged status Home library Current library Date acquired Full call number Accession Number Koha item type
      KAUAET KAUAET 07/04/2012 894.812 1 13237 Books
      KAUAET KAUAET 07/04/2012 894.812 1 13312 Books
free website counter